000 00581nam a2200193 i 4500
001 20834
003 ES-MaACL
005 20230906152354.0
007 t|
008 021119s1967 sp ||||1| cat d
100 1 _aAdolfs, Robert.
_918458
245 1 2 _aL'Església es més /
_cRobert Adolfs ; [traductor catalá Miquel Castanys ; revisada per Ramón Vidal].
250 _a1ª ed.
260 _a[Barcelona] :
_bAriel,
_c[1967]
300 _a220 p. ;
_c19 cm.
700 1 _aCastanys, Miquel.
_936400
700 1 _aVidal, Ramón.
_9114457
852 _aES-MaACL
_jC-33551
_bR.64357
999 _c20834
_d20834